| 000 | 00650nam a2200217 4500 | ||
|---|---|---|---|
| 999 |
_c9686 _d9686 |
||
| 001 | 9686 | ||
| 003 | BD-JhCC | ||
| 005 | 20180718201939.0 | ||
| 008 | 180322b1967 bg ||||| |||| 00| 0 ben d | ||
| 035 | _a(BD-JhCC)9686 | ||
| 040 |
_aBD-JhCC _dBD-JhCC |
||
| 041 | _aben | ||
| 082 |
_a415 _bRAY 1976 |
||
| 100 | _aরায়, অধ্যাপক হরলাল | ||
| 245 |
_aউচ্চতর ব্যাকরণ ও ভাষা / _cঅধ্যাপক হরলাল রায় |
||
| 260 |
_aঢাকা : _bপুথিঘর _c1967 |
||
| 300 |
_a300 p. : _c20 cm. |
||
| 650 | _aBengali Grammar | ||
| 942 |
_2ddc _cBK |
||